Los secuestradores de burros

Enregistré dans:
Détails bibliographiques
Auteur principal: Durrell, Gerald (Auteur)
Format: Livre
Langue:espagnol
Publié: Santiago Alfaguara 2002
Édition:2a. ed
Collection:Alfaguara Juvenil
Sujets:
Tags: Ajouter un tag
Pas de tags, Soyez le premier à ajouter un tag!

MARC

LEADER 00000nam a2200000 a 4500
001 UCH8581
003 CL-VaPUC
008 091127e20020100CL |||||||||||||||||spa|d
020 |a 9562391434 
082 0 4 |a 823  |b DUR  |2 21 
100 0 |a Durrell, Gerald  |e author  |9 545197 
245 1 4 |a Los secuestradores de burros 
250 |a 2a. ed 
300 |a 177 p 
942 |c BK 
945 |d 20091127 00:00:00  |a lazolas 
260 |a Santiago  |b Alfaguara  |c 2002 
650 0 |a Literatura inglesa  |9 312907 
650 0 |a Literatura infantil   |9 307465 
583 |a last modification  |c 20091127 00:00:00  |k Rodrigo Vera 
490 0 |a Alfaguara Juvenil 
999 |c 338792  |d 338790